| 000 | 00558nam a2200181Ia 4500 | ||
|---|---|---|---|
| 003 | OSt | ||
| 005 | 20250813122745.0 | ||
| 008 | 210210b1954 xxu||||| |||| 00| 0 eng d | ||
| 040 | _cAL | ||
| 041 | _aKannada | ||
| 082 | _a852/276 | ||
| 100 |
_aJAYARAMA SHETTY (P) _9158018 _d ಜಯರಾಮ್ ಶೆಟ್ಟಿ (ಪಿ ) |
||
| 245 |
_aVanijya Shasanada Mula Tatvagalu _bವಾಣಿಜ್ಯ ಶಾಸನದ ಮೂಲ ತತ್ವಗಳು |
||
| 260 |
_aMangaluru _b- _c1954 |
||
| 690 |
_aKannada Prose _9158019 |
||
| 906 | _a018844 | ||
| 942 |
_2ddc _cBK |
||
| 999 |
_c142504 _d142504 |
||